Accounting policy options in the field of equity in order to avert possible bankruptcy status of the company
Teoretické vymedzenie možností účtovnej jednotky v oblasti vlastného imania použiteľných pre odvrátenie statusu spoločnosti v kríze. Právna úprava ovplyvňujúca spoločnosť v kríze, charakteristika opatrení pre spoločnosť v kríze.
Salvato in:
| Autore principale: | |
|---|---|
| Altri autori: | |
| Natura: | Capitolo di libro |
| Lingua: | slovacco |
| Soggetti: | |
| Tags: |
Nessun Tag, puoi essere il primo ad aggiungerne!!
|
MARC
| LEADER | 00000nla a2200000 4500 | ||
|---|---|---|---|
| 001 | 0221074 | ||
| 005 | 20240502073631.1 | ||
| 041 | 0 | |a slo | |
| 044 | |a SK | ||
| 245 | 1 | 0 | |a Accounting policy options in the field of equity in order to avert possible bankruptcy status of the company |c Anton Marci, Radka Šumanová |
| 520 | |a Teoretické vymedzenie možností účtovnej jednotky v oblasti vlastného imania použiteľných pre odvrátenie statusu spoločnosti v kríze. Právna úprava ovplyvňujúca spoločnosť v kríze, charakteristika opatrení pre spoločnosť v kríze. | ||
| 610 | 2 | 0 | |a jednotka účtovná |
| 610 | 2 | 0 | |a metódy účtovné |
| 610 | 2 | 0 | |a imanie vlastné |
| 610 | 2 | 0 | |a politika bilančná |
| 610 | 2 | 0 | |a závierka účtovná |
| 610 | 2 | 0 | |a obdobie účtovné |
| 610 | 2 | 0 | |a kríza |
| 100 | 1 | |a Marci, Anton, 1989- | |
| 700 | 1 | |a Šumanová, Radka, 1991- | |